| 000 | 00650cam a22002171 4500 | ||
|---|---|---|---|
| 001 | sa 68017441 | ||
| 003 | DLC | ||
| 005 | 20260227112702.0 | ||
| 008 | 730328s1964 xx 000 0 ind | ||
| 010 | _asa 68017441 | ||
| 035 | _a(OCoLC)592389 | ||
| 040 |
_aDLC _cOAU _dDLC |
||
| 042 | _apremarc | ||
| 050 | 0 | 0 |
_aPL5075 _b.M3 1964 |
| 100 | 1 | _aMadjolelo, Junus Sutan. | |
| 245 | 1 | 0 |
_aPak Madong, _bbatjaan anak² umur 10-12 tahun, disadjikan _coleh J. St. Madjolelo. Dihiasi 5 gambar oleh A. Djan. |
| 250 | _aTjet. 2. | ||
| 260 |
_aDjakarta, _bBalai Pustaka, _c1964. |
||
| 300 |
_a35 p. _billus. _c18 cm. |
||
| 650 | 0 |
_aIndonesian language _xReaders |
|
| 999 |
_c87715 _d87715 |
||